| 000 | 00000nam##2200000za#4500 |
| 001 | 9.637254 |
| 003 | CaOODSP |
| 005 | 20210624221122 |
| 007 | cr ||||||||||| |
| 008 | 150407|2005||||xxc|||||o f|0| 0 fre|d |
| 020 | |a978-1-100-93630-7 |
| 040 | |aCaOODSP|bfre |
| 043 | |an-cn--- |
| 086 | 1 |aM144-112/2005F-PDF |
| 110 | 1 |aCanada.|bRessources naturelles Canada. |bOffice de l'efficacité énergétique. |
| 245 | 10|aTourner au ralenti, c'est tourner en rond / |h[ressource électronique]|cproduit par ... Initiative des parcs de véhicules (Écoflotte). |
| 260 | |aOttawa - Ontario : |bRessources naturelles Canada. |cc2006. |
| 300 | |a19p. |
| 500 | |aEn tête du titre : Écoflotte. Le n° de catalogue (M144-112/2005F) et l'ISBN (0-662-70624-2) de l'édition imprimée ont été incorrectement copiés dans la publication électronique. |
| 590 | |a13-05-Supp|b2013-02-27 |
| 691 | 07|aAutomobile|2gcpds |
| 691 | 07|aRendement énergétique|2gcpds |
| 775 | 08|tIdling gets you nowhere / |w(CaOODSP)9.693051 |
| 776 | 0#|tTourner au ralenti, c'est tourner en rond / |w(CaOODSP)9.683070 |
| 856 | 40|ahttp://publications.gc.ca|qPDF|s355 Ko|uhttps://publications.gc.ca/collections/collection_2013/rncan-nrcan/M144-112-2005-fra.pdf |